Regional report (Record no. 79806)

MARC details
000 -LEADER
fixed length control field 00761cab a22002055a 4500
001 - CONTROL NUMBER
control field L142423
008 - FIXED-LENGTH DATA ELEMENTS--GENERAL INFORMATION
fixed length control field 080213e20080102xxkad f s 000 0 eng d
035 ## - SYSTEM CONTROL NUMBER
System control number (Sirsi) u142423
041 0# - LANGUAGE CODE
Language code of text/sound track or separate title eng
100 1# - MAIN ENTRY--PERSONAL NAME
Personal name Doyle, David
245 00 - TITLE STATEMENT
Title Regional report
Remainder of title Midtown, Euston and Kings Cross
260 ## - PUBLICATION, DISTRIBUTION, ETC.
Date of publication, distribution, etc. 2008
490 #0 - SERIES STATEMENT
Series statement Property Week
Volume/sequential designation 73(6) 8 February 2008, 103-112(7)
520 ## - SUMMARY, ETC.
Summary, etc. Reports on news and developments from the area; the first meeting of the Midtown Business Club; plans to redevelop Euston Station. Considers what impact the Argent's redevelopment will have on the King's Cross club scene.
590 ## - LOCAL NOTE (RLIN)
Local note KA
651 #4 - SUBJECT ADDED ENTRY--GEOGRAPHIC NAME
Geographic name London
690 ## - LOCAL SUBJECT ADDED ENTRY--TOPICAL TERM (OCLC, RLIN)
Topical term or geographic name as entry element PROPERTY-COMMERCIAL PROPERTY-COMMERCIAL PROPERTY MARKET
700 1# - ADDED ENTRY--PERSONAL NAME
Personal name Hatcher, David
942 ## - ADDED ENTRY ELEMENTS (KOHA)
Suppress in OPAC 0
Holdings
Withdrawn status Lost status Source of classification or shelving scheme Damaged status Not for loan Home library Current library Shelving location Date acquired Total Checkouts Full call number Barcode Date last seen Copy number Price effective from Koha item type
    Dewey Decimal Classification     London London Journal article 13/02/2008   L142423 142423-1001 06/08/2019 1 06/08/2019 Journal article